| 000 | 00713cam a2200253 4500 | ||
|---|---|---|---|
| 001 | J399 | ||
| 008 | 090401t1991 xxu||||| |||| 00| 0 eng d | ||
| 035 | _a(Sirsi) u74716 | ||
| 041 | _aeng | ||
| 050 | _a333.72 | ||
| 100 | _aBartlett, P.B. | ||
| 245 | 4 | _aThe environmental impact of buildings. | |
| 260 |
_aGarston, Watford _bBuilding Research Establishment _c1991 |
||
| 300 | _a4p. ; 30cm. | ||
| 350 | _a0 | ||
| 490 |
_aBRE Information Paper _v18/91 |
||
| 650 | _aENVIRONMENTALLY FRIENDLY BUILDINGS | ||
| 650 | _aGREENHOUSE EFFECT | ||
| 690 | _aENVIRONMENTAL AND LAND CONSULTANCY | ||
| 700 | _aPrior, Josephine J. | ||
| 710 | _aBuilding Research Establishment | ||
| 942 | _n0 | ||
| 948 | _c04/03/1997 | ||
| 999 |
_c95915 _d95915 |
||